000 00738nam a22002057a 4500
005 20180630163332.0
010 _aB-163298
020 _a9780195672459
_c295.00
035 _aB-163298, B-163295
037 _adpl
_bOxford University Press
082 _a954.02
100 _aChandra, Satish
245 _aEssay on medieval indian history/
_cby Satish Chandra
260 _aNew Delhi
_bOxford University Press
_c2005
270 _aYMCA library building, Jai Singh road
_bNew Delhi
_e110001
300 _avii, 549p.
_c22cm(Pb)
500 _aIncluding Index
942 _2ddc
_cEN
_h954.02
_mCHA
999 _c153017
_d153017